GeoServer Beginner’s Guide / (Record no. 617163)

000 -LEADER
fixed length control field 00491nam a22001697a 4500
003 - CONTROL NUMBER IDENTIFIER
control field NUST
005 - DATE AND TIME OF LATEST TRANSACTION
control field 20260417145808.0
008 - FIXED-LENGTH DATA ELEMENTS--GENERAL INFORMATION
fixed length control field 260417b ||||| |||| 00| 0 eng d
020 ## - INTERNATIONAL STANDARD BOOK NUMBER
International Standard Book Number 978-1849516693
082 ## - DEWEY DECIMAL CLASSIFICATION NUMBER
Classification number 910.285
Author Mark STE
100 ## - MAIN ENTRY--PERSONAL NAME
Personal name Brian Youngblood, Stefano Lacovella.
9 (RLIN) 134192
245 ## - TITLE STATEMENT
Title GeoServer Beginner’s Guide /
Statement of responsibility, etc. Brian Youngblood, Stefano Lacovella.
260 ## - PUBLICATION, DISTRIBUTION, ETC.
Name of publisher, distributor, etc. Packt Publishing,
Date of publication, distribution, etc. 2013.
300 ## - PHYSICAL DESCRIPTION
Extent 326 p ;
Dimensions 32.2 cm
563 ## - BINDING INFORMATION
Binding note Hardcover
942 ## - ADDED ENTRY ELEMENTS (KOHA)
Source of classification or shelving scheme
Koha item type Book
Holdings
Withdrawn status Lost status Source of classification or shelving scheme Damaged status Not for loan Permanent Location Current Location Date acquired Total Checkouts Full call number Barcode Date last seen Price effective from Koha item type
          Institute of Geographical Information Systems (IGIS) Institute of Geographical Information Systems (IGIS) 04/17/2026   910.285 STE IGIS-1055 04/17/2026 04/17/2026 Book
          Institute of Geographical Information Systems (IGIS) Institute of Geographical Information Systems (IGIS) 04/17/2026   910.285 STE IGIS-1273 04/17/2026 04/17/2026 Book
© 2023 Central Library, National University of Sciences and Technology. All Rights Reserved.